{"text_format":"3","workbook":"xlsx","n_sheets":1,"sheets":["Sheet4"],"not_rendered":{"images":19},"read":"whole","date_system":"1900"}

{"sheet":"Sheet4","index":0,"n_rows":27,"n_cols":9,"rows_kept":27,"merged":[[0,0,0,8],[2,0,8,0],[2,1,8,1],[2,8,3,8],[9,0,12,0],[9,1,12,1],[13,0,15,0],[13,1,15,1],[16,0,17,0],[16,1,17,1],[19,0,20,0],[19,1,20,1],[23,0,23,5],[24,0,24,3],[24,4,24,8],[25,0,25,8],[26,0,26,8]]}
["泉州市特殊教育学校2025年暑期新增家具采购询价单"]
["序号","处所","品 名","单位","数量","控制单价（元）","控制总价（元）","参数","图示"]
[1,"洽谈室","长茶几","张",4,1200,{"$f":"F3*E3","v":4800},"科技岩板鱼肚白桌面，铁艺烤漆支架0.8厚，松木板材水性漆烤漆。尺寸：120*60*42cm"]
[null,null,"短茶几","张",1,1150,{"$f":"F4*E4","v":1150},"科技岩板鱼肚白桌面，铁艺烤漆支架0.8厚，松木板材水性漆烤漆。尺寸：100*50*42cm"]
[null,null,"读书几","张",1,1100,{"$f":"F5*E5","v":1100},"科技岩板哑面纯白桌面，奶杏色支架、杏色双抽，带感应灯360°旋转茶几，抽屉松木制作，厚实稳固，柜体碳纤维板，E0级环保，万向轮。尺寸：最宽115cm,45*70cm\\38*60cm"]
[null,null,"沙发椅","张",4,170,{"$f":"F6*E6","v":680},"双层靠背，固定扶手，11cm加厚坐垫，加粗实木脚，椅面与脚间可360度旋转，优质猫抓皮。尺寸：84*45*45cm"]
[null,null,"仿真绿植散尾葵加密2.1米高","棵",1,320,{"$f":"F7*E7","v":320},"环保级塑胶，纹理清晰自然，色彩过渡自然，枝干接口紧密，升级加密款。尺寸：200cm高"]
[null,null,"仿真绿植隔断柜摆","套",4,120,480,"环保级塑胶，纹理清晰自然，色彩过渡自然，枝干接口紧密。尺寸：110*50*70cm"]
[null,null,"仿真绿植桌摆","瓶",6,38,228,"环保级塑胶，纹理清晰自然，色彩过渡自然，枝干接口紧密。尺寸：42*32cm"]
[2,"校史室","会议桌","张",1,8800,8800," 加厚5cm倒圆角、倒边欧松板白色烤漆桌面，E0级环保齐新暖白色实木多层面饰三聚氰胺面板色截面同色PVC封边条热熔处理支撑柜，配件采用DTC系列优质产品。尺寸：8000*180*76cm"]
[null,null,"会议椅","张",20,625,12500,"猛钢架皮椅，面料采用优质加厚猫抓皮，纹理细腻，手感舒适，具有耐磨、易清洁等；内衬加厚高弹海绵，回弹性能好；锰钢支架，配件采用DTC系列优质产品。尺寸：104*68*70cm"]
[null,null,"折叠会议椅","张",20,44,880,"多色折叠椅，5cm座包含PU皮革、双层高回弹海绵、多层实木板、加厚碳素钢板，加厚碳素钢管材支架。尺寸：79*47*45cm"]
[null,null,"仿真绿植散尾葵加密2.1米高","棵",1,320,320,"环保级塑胶，纹理清晰自然，色彩过渡自然，枝干接口紧密，升级加密款。尺寸：200cm高"]
[3,"综合楼2、3、4","仿真绿植隔断柜摆","套",2,110,220,"环保级塑胶，纹理清晰自然，色彩过渡自然，枝干接口紧密。尺寸：80*50*70cm"]
[null,null,"仿真绿植散尾葵加密2.1米高","棵",1,320,320,"环保级塑胶，纹理清晰自然，色彩过渡自然，枝干接口紧密，升级加密款。尺寸：210cm高"]
[null,null,"仿真绿植天堂加鸟加密2.1米高","棵",1,145,145,"环保级塑胶，纹理清晰自然，色彩过渡自然，枝干接口紧密，升级加密款。13片叶≥。尺寸：210cm高"]
[4,"听障4楼班级","收纳柜","座",1,2480,2480,"面板、立板采用1.8cm优质实木多层板，面饰三聚氰胺面板，颜色浅果绿与暖白配色截面同色PVC封边条热熔处理，面层及左立面共2.8米长0.4米宽采用优质石英石。五金配件采用DTC系列优质产品。尺寸：矮柜190*40*90cm，高柜160*40*50cm。"]
[null,null,"黑板","套",3,1800,5400,"左右推拉结构（内置正向吊轨外框和轨道一体化设计），选用高级香槟色铝合 金；需保证与一体机物理尺寸有效对接。支持一体机（65寸）偏一侧安装方式，有活动的复合黑板可完全遮拦，保护一体机后可锁定位置。书写面墨绿色。优质烤漆书写专用镀锌钢板，板面基板厚度≧0.39mm,涂层硬度≧6H (莫氏）涂层采用丙烯酸树脂漆。边框采用高级亚光香槟色铝合金；包角采用ABS工程防爆材料，隐形安装。尺寸：约130*420CM（根据现场实际需要测量）"]
[5,"自闭症","课桌","张",20,210,4200,"桌面62*42CM周围底部光滑，桌架扁圆冷轧管，凳面35*32cm采用PP耐冲塑料，桌脚扁圆冷轧管，书箱44*35cm全新PP塑料新料，脚套采用PP塑料一体塑成，调节范围桌子70-83cm。满焊烤漆工艺。果绿色（含书包挂）"]
[6,"幼儿园","靠背椅","把",50,69,3450,"食品级SK.PP材质，橙色  尺寸：77*48*44cm"]
[null,null,"可折叠办公桌","张",4,620,2480,"面板采用2.5cm优质实木多层板，面饰三聚氰胺面板，颜色浅果绿与暖白配色截面同色PVC封边条热熔处理，环保加厚钢管脚架，采用高温静电喷涂工艺，配万向轮。 颜色：白绿拼色 。尺寸：120*60*75cm"]
[7,"名师室","实木椅","张",1,1550,1550,"樟子松木，环保水性清漆。尺寸：200*70*90cm"]
[8,"体育室","操作台","张",1,680,680,"面板采用2.5cm，立板采用1.8cm，优质实木多层板，面饰三聚氰胺面板，颜色浅果绿与暖白配色截面同色PVC封边条热熔处理，优质五金；配件采用DTC系列优质产品。尺寸：125*65*90cm"]
["总计",{"$nulls":5},{"$f":"SUM(G3:G23)","v":52183}]
["投标报价",{"$nulls":3},"优惠率　  % ，（如商品原价100元，优惠15元，优惠率便是15%。）"]
["备注：\n1.该报价是指完成采购项目清单中所需的供货、装卸、就位、安装、调试、验收、利润、税费、售后服务等一切费用。 \n2.为满足学校新学期开学教学需要，本项目需在8月25日前完成全部安装工作！                                                                              \n\n"]
["报价单位（盖章）：                       \n\n联系人：                                  \n\n联系电话：                              \n\n\n                                            报价时间：     年    月    日                                 \n"]